000 00782cam a22002171 4500
001 sd 46000026
003 DLC
005 20260227112735.0
008 940720s1944 nyu 000 0 eng c
010 _asd 46000026
035 _a(OCoLC)30796443
040 _aU.S. Dept. of State. Libr.
_cIEN
_dIEN
_dDLC
050 0 0 _aD410
_b.F65 vol. 19, no. 23
100 1 _aDean, Vera Micheles,
_d1903-1972.
245 1 0 _aFrom Casablanca to Teheran--with texts of documents,
_cby Vera Micheles Dean.
260 _aNew York, N.Y.,
_bForeign Policy Association, Incorporated
_c[1944]
300 _a1 p. l., 307-312 p.
_c27 cm.
490 0 _aForeign policy reports,
_vvol. XIX, no. 23. February 15, 1944
650 0 _aWorld War, 1939-1945
_vCongresses.
650 0 _aWorld War, 1939-1945
_vSources.
999 _c89964
_d89964